000 01661nam0a2200373 4500
001 RU\NLR\BIBL_A\016213351
005 20230117101101.0
010 _a978-5-04-171141-2
_93000
021 _aRU
_bКН-П-22-071746
_9КН-П-22-6248
035 _a(NLR Aleph) 016213351
035 _a(RuMoRGB)011293540
090 _a12714480
_c12714480
100 _a20221121d2023 b y0rusy50 ca
101 1 _arus
_cger
102 _aRU
105 _aa|||z|||000ay
181 0 _ai3
_baxxe
181 0 _ab2
_bxb2e
182 0 _an
200 1 _aЩелкунчик и Мышиный король
_e[для дошкольного возраста, для чтения взрослыми детям]
_fЭ. Т. А. Гофман
_g[перевод с немецкого Алексея Петровского]
_gиллюстрации Ольги Ионайтис
203 _aТекст
_aИзображение
_bвизуальные
_cнепосредственные
210 _aМосква
_c#эксмодетство
_cЭксмо
_d2023 [т. е. 2022]
215 _a140, [2] с.
_cцв. ил.
_d23
225 1 _aКоллекция сказок
300 _aКн. фактически изд. в 2022 г.
333 _a6+
686 0 _aШ9(4Г)60-4
700 1 _7ca
_8rus
_aГофман
_bЭ. Т. А.
_f1776-1822
_gЭрнст Теодор Амадей
_9111300
_3RU\NLR\AUTH\771272
702 1 _4040
_7ca
_8rus
_aИонайтис
_bО. Р.
_cхудожник
_f1965-
_gОльга Ромуальдовна
_957889
_3RU\NLR\AUTH\7774961
942 _cBOOK
980 _aNB